000 01130nam a2200289 a 4500
001 000014305
003 DO-SdBPM
005 20250513135828.0
007 000014305
008 091209s1990 dr d 000 0 spa d
040 _aDO-SdBPM
_bspa
_cBPMSU
_erda
082 4 _a330.97293
_bD238i 1990
_222
100 1 _aDauhajre, Andrés
245 1 0 _aImpacto del sector privado en la economía dominicana. /
_cestudio realizado por Andrés Dauhajre hijo, y José Alfredo Guerrero ; prólogo Guillermo Amore; presentación por José Báez Guerrero
250 _a2a. ed.
260 _aSanto Domingo :
_bFundación Economía y Desarrollo;
_c1990
_b
300 _a264 p. :
_bgráf. ;
_c23 cm.
590 _6Inventariado, 2025/VM
651 4 _aRepública Dominicana
_xCondiciones económica
651 4 _aRepública Dominicana
_xPolítica económica
700 1 _aGuerrero, José Alfredo
_eautor
700 1 _aAmore, Guillermo
_e prólogo
700 1 _a Guerrero, José Báez
_e presentación
710 2 _aRepública Dominicana
_bFundación Economía y Desarrollo
910 _aVMateo V. Control de calidad. BPMSU
942 _2ddc
_cBK
999 _c15049
_d15049